<?xml version="1.0" encoding="UTF-8"?>
<record
    xmlns:xsi="http://www.w3.org/2001/XMLSchema-instance"
    xsi:schemaLocation="http://www.loc.gov/MARC21/slim http://www.loc.gov/standards/marcxml/schema/MARC21slim.xsd"
    xmlns="http://www.loc.gov/MARC21/slim">

  <leader>01802nam2a22004571  4500</leader>
  <controlfield tag="001">v19\rc\1381403</controlfield>
  <controlfield tag="005">20250618122104.0</controlfield>
  <datafield tag="035" ind1=" " ind2=" ">
    <subfield code="a">(NLR Aleph) 004563279</subfield>
  </datafield>
  <datafield tag="090" ind1=" " ind2=" ">
    <subfield code="a">2302302</subfield>
    <subfield code="c">2302302</subfield>
  </datafield>
  <datafield tag="100" ind1=" " ind2=" ">
    <subfield code="a">20060512d1875    |||y0rusy50      ca</subfield>
  </datafield>
  <datafield tag="101" ind1="0" ind2=" ">
    <subfield code="a">rus</subfield>
  </datafield>
  <datafield tag="102" ind1=" " ind2=" ">
    <subfield code="a">RU</subfield>
  </datafield>
  <datafield tag="105" ind1=" " ind2=" ">
    <subfield code="a">ch  z   |||||</subfield>
  </datafield>
  <datafield tag="200" ind1="1" ind2=" ">
    <subfield code="a">&#x411;&#x443;&#x43C;&#x430;&#x433;&#x438; &#x433;&#x43E;&#x441;&#x443;&#x434;&#x430;&#x440;&#x441;&#x442;&#x432;&#x435;&#x43D;&#x43D;&#x43E;&#x433;&#x43E; &#x43A;&#x430;&#x43D;&#x446;&#x43B;&#x435;&#x440;&#x430; &#x433;&#x440;&#x430;&#x444;&#x430; &#x41C;&#x438;&#x445;&#x430;&#x438;&#x43B;&#x430; &#x41B;&#x430;&#x440;&#x438;&#x43E;&#x43D;&#x43E;&#x432;&#x438;&#x447;&#x430; &#x412;&#x43E;&#x440;&#x43E;&#x43D;&#x446;&#x43E;&#x432;&#x430;</subfield>
  </datafield>
  <datafield tag="210" ind1=" " ind2=" ">
    <subfield code="d">1875</subfield>
    <subfield code="a">&#x411;. &#x43C;.</subfield>
  </datafield>
  <datafield tag="215" ind1=" " ind2=" ">
    <subfield code="a">[2], 688 &#x441;., 2 &#x43B;. &#x444;&#x440;&#x43E;&#x43D;&#x442;. (&#x43F;&#x43E;&#x440;&#x442;&#x440;.), &#x444;&#x430;&#x43A;&#x441;.</subfield>
  </datafield>
  <datafield tag="316" ind1=" " ind2=" ">
    <subfield code="a">&#x42D;&#x43A;&#x437;. &#x420;&#x41D;&#x411; (52/308): 2-&#x439; &#x44D;&#x43A;&#x437;. &#x434;&#x435;&#x444;.: &#x43E;&#x442;&#x441;&#x443;&#x442;&#x441;&#x442;&#x432;&#x443;&#x435;&#x442; 1 &#x43B;. &#x43F;&#x43E;&#x440;&#x442;&#x440;.</subfield>
    <subfield code="5">NLR: 52/308</subfield>
  </datafield>
  <datafield tag="461" ind1=" " ind2="0">
    <subfield code="1">001v19\rc\1381394</subfield>
    <subfield code="1">2001#$a&#x410;&#x440;&#x445;&#x438;&#x432; &#x43A;&#x43D;&#x44F;&#x437;&#x44F; &#x412;&#x43E;&#x440;&#x43E;&#x43D;&#x446;&#x43E;&#x432;&#x430;$f&#x420;&#x435;&#x434;. &#x41F;.&#x418;. &#x411;&#x430;&#x440;&#x442;&#x435;&#x43D;&#x435;&#x432;$v&#x41A;&#x43D;. 7</subfield>
    <subfield code="9">2302186</subfield>
    <subfield code="c">&#x41C;&#x43E;&#x441;&#x43A;&#x432;&#x430;</subfield>
    <subfield code="d">1870-1897</subfield>
    <subfield code="f">&#x420;&#x435;&#x434;. &#x41F;.&#x418;. &#x411;&#x430;&#x440;&#x442;&#x435;&#x43D;&#x435;&#x432;. &#x41A;&#x43D;. 1-40</subfield>
    <subfield code="n">&#x442;&#x438;&#x43F;. &#x410;.&#x418;. &#x41C;&#x430;&#x43C;&#x43E;&#x43D;&#x442;&#x43E;&#x432;&#x430;</subfield>
    <subfield code="p">40 &#x442;.</subfield>
    <subfield code="t">&#x410;&#x440;&#x445;&#x438;&#x432; &#x43A;&#x43D;&#x44F;&#x437;&#x44F; &#x412;&#x43E;&#x440;&#x43E;&#x43D;&#x446;&#x43E;&#x432;&#x430;</subfield>
    <subfield code="v">&#x41A;&#x43D;. 7</subfield>
  </datafield>
  <datafield tag="702" ind1=" " ind2="1">
    <subfield code="9">z06790</subfield>
    <subfield code="a">&#x412;&#x43E;&#x440;&#x43E;&#x43D;&#x446;&#x43E;&#x432;</subfield>
    <subfield code="b">&#x41C;.&#x418;.</subfield>
    <subfield code="f">1714-1767</subfield>
    <subfield code="g">&#x41C;&#x438;&#x445;&#x430;&#x438;&#x43B; &#x418;&#x43B;&#x43B;&#x430;&#x440;&#x438;&#x43E;&#x43D;&#x43E;&#x432;&#x438;&#x447;</subfield>
    <subfield code="4">570</subfield>
  </datafield>
  <datafield tag="790" ind1=" " ind2="1">
    <subfield code="9">z06702</subfield>
    <subfield code="a">&#x412;&#x43E;&#x440;&#x43E;&#x43D;&#x446;&#x43E;&#x432;</subfield>
    <subfield code="b">&#x41C;.&#x41B;.</subfield>
    <subfield code="f">1714-1767</subfield>
    <subfield code="g">&#x41C;&#x438;&#x445;&#x430;&#x438;&#x43B; &#x41B;&#x430;&#x440;&#x438;&#x43E;&#x43D;&#x43E;&#x432;&#x438;&#x447;</subfield>
  </datafield>
  <datafield tag="801" ind1=" " ind2="0">
    <subfield code="a">RU</subfield>
    <subfield code="b">NLR</subfield>
    <subfield code="g">psbo</subfield>
  </datafield>
  <datafield tag="801" ind1=" " ind2="0">
    <subfield code="a">RU</subfield>
    <subfield code="b">RuMoRGB</subfield>
    <subfield code="2">psbo</subfield>
  </datafield>
  <datafield tag="801" ind1=" " ind2="1">
    <subfield code="a">RU</subfield>
    <subfield code="b">ProSoft-M</subfield>
    <subfield code="2">rusmarc</subfield>
  </datafield>
  <datafield tag="852" ind1=" " ind2=" ">
    <subfield code="a">NLR</subfield>
    <subfield code="b">&#x41C;&#x444;</subfield>
    <subfield code="j">&#x41A;-1/7422</subfield>
  </datafield>
  <datafield tag="852" ind1=" " ind2=" ">
    <subfield code="a">NLR</subfield>
    <subfield code="j">52/308(7)</subfield>
  </datafield>
  <datafield tag="899" ind1=" " ind2=" ">
    <subfield code="a">RuMoRGB</subfield>
    <subfield code="j">&#x41A;&#x43B; 67/1037</subfield>
  </datafield>
  <datafield tag="899" ind1=" " ind2=" ">
    <subfield code="a">RuMoRGB</subfield>
    <subfield code="j">I 20/17</subfield>
  </datafield>
  <datafield tag="899" ind1=" " ind2=" ">
    <subfield code="a">RuMoRGB</subfield>
    <subfield code="j">U 324/78</subfield>
  </datafield>
  <datafield tag="899" ind1=" " ind2=" ">
    <subfield code="a">RuMoRGB</subfield>
    <subfield code="j">J 34/1</subfield>
  </datafield>
  <datafield tag="899" ind1=" " ind2=" ">
    <subfield code="a">RuMoRGB</subfield>
    <subfield code="j">M 69/194</subfield>
  </datafield>
  <datafield tag="899" ind1=" " ind2=" ">
    <subfield code="a">RuMoRGB</subfield>
    <subfield code="j">E 107/147</subfield>
  </datafield>
  <datafield tag="899" ind1=" " ind2=" ">
    <subfield code="a">RuMoRGB</subfield>
    <subfield code="j">&#x420;&#x431; 6/7</subfield>
  </datafield>
  <datafield tag="899" ind1=" " ind2=" ">
    <subfield code="a">RuMoRGB</subfield>
    <subfield code="j">&#x424; 1-82/12189</subfield>
  </datafield>
  <datafield tag="899" ind1=" " ind2=" ">
    <subfield code="a">RuMoRGB</subfield>
    <subfield code="j">801-88/9648-8</subfield>
  </datafield>
  <datafield tag="899" ind1=" " ind2=" ">
    <subfield code="a">&#x411;&#x410;&#x41D;</subfield>
  </datafield>
  <datafield tag="899" ind1=" " ind2=" ">
    <subfield code="a">&#x41D;&#x411; &#x421;&#x41F;&#x431;&#x413;&#x423;</subfield>
  </datafield>
  <datafield tag="899" ind1=" " ind2=" ">
    <subfield code="a">&#x413;&#x41F;&#x418;&#x411;</subfield>
  </datafield>
  <datafield tag="899" ind1=" " ind2=" ">
    <subfield code="a">&#x41D;&#x411; &#x41C;&#x413;&#x423;</subfield>
  </datafield>
  <datafield tag="942" ind1=" " ind2=" ">
    <subfield code="c">BOOK</subfield>
  </datafield>
  <datafield tag="980" ind1=" " ind2=" ">
    <subfield code="a">NB</subfield>
  </datafield>
  <datafield tag="995" ind1=" " ind2=" ">
    <subfield code="5">2013-10-26</subfield>
    <subfield code="b">NLR01</subfield>
    <subfield code="c">NLR01</subfield>
    <subfield code="e">FM</subfield>
    <subfield code="f">4563279-10</subfield>
    <subfield code="k">&#x41C;&#x444; &#x41A;-1/7422</subfield>
    <subfield code="o">0</subfield>
    <subfield code="r">MFILM</subfield>
    <subfield code="s">_17422</subfield>
  </datafield>
  <datafield tag="995" ind1=" " ind2=" ">
    <subfield code="5">2013-10-26</subfield>
    <subfield code="b">NLR02</subfield>
    <subfield code="c">NLR02</subfield>
    <subfield code="e">RFS</subfield>
    <subfield code="f">1-3943239</subfield>
    <subfield code="k">52/308(7)</subfield>
    <subfield code="o">0</subfield>
    <subfield code="r">BOOK</subfield>
    <subfield code="s">523087_</subfield>
  </datafield>
  <datafield tag="995" ind1=" " ind2=" ">
    <subfield code="5">2013-10-26</subfield>
    <subfield code="b">NLR02</subfield>
    <subfield code="c">NLR02</subfield>
    <subfield code="e">RFS</subfield>
    <subfield code="f">4563279-120</subfield>
    <subfield code="k">52/308(7)&#x430;</subfield>
    <subfield code="o">0</subfield>
    <subfield code="r">BOOK</subfield>
    <subfield code="s">523087_</subfield>
  </datafield>
</record>
